Wiedźmin 2 Potwory - Statystyki

Ogólne statystyki
  • Ten quiz został rozwiązany 364 razy
  • Średni wynik to 9 z 17
Statystyki odpowiedzi
Potwory % Poprawnych
Smok
81%
Utopiec
81%
Kejran
76%
Upiór
74%
Endriaga
70%
Nekker
70%
Troll
70%
Krabopająk
59%
Zgnilec
59%
Harpia
58%
Draug
57%
Gargulec
44%
Draugir
28%
Bruxa
26%
Kaczerb
24%
Żywiołak ziemi
20%
Żywiołak ognia
18%
Nie znaleziono quizów pasujących do podanych kryteriów
Rozkład punktacji
Procent ludzi z każdym wynikiem
Percentyl według liczby udzielonych odpowiedzi
Twoja historia wyników
Nie rozwiązałeś tego quizu